Score 0/30 Timer 04:00
6 Plays Today
% Correct
Arnold
93.3%
Christian
90.7%
Jackson
90.1%
Perry
89.7%
Dwight
89.5%
Jay
88.8%
Grant
88.2%
Clinton
86.3%
Tony
85.9%
Holly
85.6%
Bo
82.3%
McCarthy
79.1%
Marvin
77%
Damon
75.9%
Shelley
72.8%
% Correct
Clay
71.8%
Ivan
68.7%
Rogers
66.4%
Harper
65.7%
Ramsay
63.5%
Craig
62.1%
Joel
61.7%
Carroll
59.1%
Hunter
56.8%
Grace
55.7%
Alex
53.4%
Rodgers
51.2%
Drake
47.9%
Emanuel
45.2%
Archibald
36.3%
Remove Ads.
Support Sporcle.
Get the best of Sporcle when you Go Orange. This ad-free experience offers more features, more stats, and more fun while also helping to support Sporcle. Thank you for becoming a member.

You're not logged in!

Compare scores with friends on all Sporcle quizzes.
OR
Log In

Show Comments

Extras

Top Quizzes Today


Score Distribution

Your Account Isn't Verified!

In order to create a playlist on Sporcle, you need to verify the email address you used during registration. Go to your Sporcle Settings to finish the process.

Report this User

Report this user for behavior that violates our Community Guidelines.

Details: